Quick math quiz only a short quiz 11 - Statistics

General Stats
  • This quiz has been taken 66 times
    65 since last reset
  • The average score is 14 of 15
Answer Stats
Hint Answer % Correct
1 x 8 = 8
100%
3 x 8 = 24
98%
4 x 8 = 32
98%
10 x 8 = 80
98%
7 x 8 = 56
96%
9 x 8 = 72
96%
5 x 8 = 40
94%
6 x 8 = 48
94%
2 x 8 = 16
92%
8 x 8 = 64
92%
11 x 8 = 88
92%
13 x 8 = 104
90%
12 x 8 = 96
90%
14 x 8 = 112
82%
15 x 8 = 120
82%
No matching quizzes found
Score Distribution
Percent of People with Each Score
Percentile by Number Answered
Your Score History
You have not taken this quiz since the last reset